Countries That Do Not Have an Official Name - Statistics

General Stats
  • This quiz has been taken 99 times
  • The average score is 5 of 15
Answer Stats
Country % Correct
Canada
64%
New Zealand
55%
Antigua and Barbuda
42%
Saint Lucia
40%
Saint Vincent and the Grenadines
40%
Barbados
37%
Belize
36%
Tuvalu
33%
Solomon Islands
31%
Mongolia
28%
Bosnia and Herzegovina
25%
Ukraine
25%
Montenegro
22%
Romania
19%
Burkina Faso
17%
No matching quizzes found
Score Distribution
Percent of People with Each Score
Percentile by Number Answered
Your Score History
You have not taken this quiz